00449nam a2200193Ia 4500008004100000020001800041050001400059100001900073245002500092245002200117245002200139260001500161260001600176260000900192300001600201300002000217300001000237500000800247170918s9999 xx 000 0 und d a9780439026994 bC264 2006 aCarbone, Elisa aBlood on the river : bJames town 1607 / cby Elisa Carbone. aNew York : bScholastic, c2006 a237 pages : billustrations ; c19cm. a820